000
00292nam a22001217a 4500
003
SGT
082
_a
616.89
_b
L11M
100
_a
MITCHELS, BARBARA
245
_a
LEGAL ISSUES ACROSS COUNSELLING & PSYCHOTHERAPY SETTINGS
260
_a
ANGELES
_b
SAGE
_c
2011
300
_a
216
942
_2
ddc
_c
BK
999
_c
15052
_d
15052